000 00909nam a2200277Ia 4500
003 OSt
005 20221005043628.0
006 a|||||r|||| 00| 0
007 ta
008 221004b |||||||| |||| 00| 0 eng d
020 _a9069801000
_c4410.28
024 _a83188
037 _b106594/C, 30/03/2005, Munshiram manoharlal Publishers Pvt Ltd
_cTextual
040 _aCRL
_cCRL
_beng
041 _2eng
_aeng
082 _aND4455,D9(Q22), N7
100 _aBakker Hans T.
_9189567
245 0 _aVakatakas
_b An essay in Hindu iconology
260 _aGroningen
_bEgbert Forsten
_c1997
300 _a211p. Plates
_ccm.
490 _aGonda indological studies
650 _a ARTS
650 _aINDIAN SCULPTURE - GONDA
_9591740
942 _hND4455,D9(Q22), N7
_cTEXL
_2cc
999 _c952168
_d952168